000 01093nmc a2200397 a 4500
003 AR-BaBNM
005 20251128203218.0
008 136019s1987 ||||||||||||||000 | spa||
020 _a968-23-0244-7
040 _cAR-BaBNM
245 1 0 _aTeoría de la literatura de los formalistas rusos
250 _a5ª ed.
260 _aMéxico, D.F.
_bSiglo Veintiuno
_c1987
300 0 _a235 p.
490 0 _aCrítica literaria
500 0 _aContiene nota bibliográfica en p. 233
500 0 _aBiografía de los autores en p. 234
650 4 _aPOESIA
650 4 _aANALISIS LITERARIO
650 4 _aCRITICA LITERARIA
650 4 _aINVESTIGACION LITERARIA
650 4 _aANALISIS LINGUISTICO
650 4 _aTEORIA LITERARIA
650 4 _aHISTORIA LITERARIA
653 _aFORMALISMO RUSO
655 _aLITERATURA
700 1 _aTodorov, Tzvetan
_ecompilador
700 1 _aJakobson, Roman
700 1 _aTinianov, Iuri
700 1 _aShklovski, Viktor
700 1 _aTomashevski, B.
700 1 _aPropp, Vladimir
700 1 _aVinogradov, V.
942 _cBK
998 _cisola
999 _c2415
_d2415